Statistics for The Benelux

Click here to take the quiz!

General Stats

  • This quiz has been taken 27 times
  • The average score is 11 of 20

Answer Stats

QuestionAnswer% Correct
Where does the ''Be'' in Benelux stand for?Belgium
100%
''lux''?Luxembourg
100%
And the ''ne''?The Netherlands
100%
Name the languages by people -> #1Dutch
96%
#2French
96%
#3German
96%
Where is the administrative center?Brussels
92%
Fill in ->They drive on the {right} side
84%
Their currencyEuro (EUR)
76%
Fill in ->$1.501 trillion is the {GDP} of the Benelux in 2017
52%
#4Luxembourgish
44%
Their (winter) time zone isUTC{+2}
40%
Official local name BelgiumDutch -> {Koninkrijk België}
16%
Official local name the Netherlands{Koninkrijk der Nederlanden}
16%
German -> {Königreich Belgien}
12%
French -> {Grand-Duché de Luxembourg}
8%
French -> {Royaume de Belgique}
8%
German -> {Großherzogtum Luxemburg}
8%
The legislature of the Benelux is calledParliament
8%
Official local name LuxembourgLuxembourgish -> {Groussherzogtum Lëtzebuerg}
4%

Score Distribution

Percentile by Number Answered

Percent of People with Each Score

Your Score History

You have not taken this quiz